000 00305nam a2200133Ia 4500
008 150301s2015 xx 000 0 und d
082 _a615
_bE14P
100 _aK.K PILLARI
245 _aEXPERIMENTAL PHARMACOLOGY
260 _bCBS- DELHI
300 _a124
650 _aPHARMACOLOGY
942 _2ddc
_cBK
_02
999 _c7147
_d7147